000 00394nam a22001337a 4500
999 _c62023
_d62023
005 20181218111000.0
020 _a8120324102
_c195.00
035 _aB-106633, B-106641,B-106639
245 _aBasics of network security, firewalls and VPNs /
260 _aNew Delhi
_bPrentice-Hall of India
_c2005
300 _axi, 294p.
_c22 cms.
942 _2ddc
_cEN
_h005.8
_mBAS